000 00608nam a2200217Ia 4500
005 20241129110246.0
008 241129s9999||||xx |||||||||||||| ||und||
020 _a978-93-90568-61-1
037 _aTB
040 _aARTS
_beng
_cARTS
041 _aeng
_2urd
084 _aO168,1M37,1 L6;Q9
_qARTS
100 _aHali Altaf Hussain Au.
_9182616
245 0 _aMaqalat-e-Hali
_cHali Altaf Hussain Au.
260 _aDelhi, India
_bM. R. Publications
_c2022
300 _a564p.
365 _aINR
_b895
650 _aUrdu Poetry
942 _cTB
_hO168,1M37,1 L6;Q9
999 _c1227930
_d1227930